Účinok vláknových výstuží na vybrané vlastnosti cementových kompozitov

Salvato in:
Dettagli Bibliografici
Autore principale: Chomják, Viliam (Autore)
Altri autori: Štefunková, Zuzana (Relatore della tesi)
Natura: Manoscritto Libro
Lingua:slovacco
Pubblicazione: 2024
Soggetti:
Accesso online:http://is.stuba.sk/zp/portal_zp.pl?podrobnosti=176264
https://opac.crzp.sk/?fn=detailBiblioForm&sid=AA0D9432EF6DE826CE101C4F11D3
Tags: Aggiungi Tag
Nessun Tag, puoi essere il primo ad aggiungerne!!

MARC

LEADER 00000ntm a22000003a 4500
001 stuzp99325
003 SK-STU
005 20240920112848.5
007 ta
008 150427s2015----xo-----f-mn---000-0-slo-d
040 |a STU  |b slo 
041 0 |a slo 
100 1 |a Chomják, Viliam  |u 010200  |4 aut  |U SvF Stavebná fakulta  |T SvF Katedra materiálového inžinierstva a fyziky  |X 87409  |U V200  |Y 844  |7 87409 
242 0 1 |a The Effect of Fiber Reinforcements on Selected Properties of Cement Composites  |y eng 
245 1 0 |a Účinok vláknových výstuží na vybrané vlastnosti cementových kompozitov 
260 |c 2024 
650 4 |a kompozit  |2 slo 
650 4 |a uhlíkové  |2 slo 
650 4 |a vlákna  |2 slo 
650 4 |a sklené  |2 slo 
650 4 |a malta  |2 slo 
650 4 |a carbon  |2 eng 
650 4 |a fibers  |2 eng 
650 4 |a glass  |2 eng 
650 4 |a composite  |2 eng 
650 4 |a cement  |2 eng 
700 1 |a Štefunková, Zuzana  |u 010200  |k Z1  |4 ths  |U SvF Stavebná fakulta  |T SvF Katedra materiálového inžinierstva a fyziky  |X 24756  |U V200  |Y 844  |7 A000024756 
856 4 |u http://is.stuba.sk/zp/portal_zp.pl?podrobnosti=176264 
856 4 |u https://opac.crzp.sk/?fn=detailBiblioForm&sid=AA0D9432EF6DE826CE101C4F11D3